| 000 | 00803nam a22002537a 4500 | ||
|---|---|---|---|
| 003 | 0 | ||
| 005 | 20180710102638.0 | ||
| 008 | 0 | ||
| 010 | _aA-742488 | ||
| 020 |
_c75.00 _a8172018800 |
||
| 035 | _aA-742488, A-742493 | ||
| 037 | _bCen Lib/Ret | ||
| 040 |
_aDPL _bEN _c0 |
||
| 082 |
_aS _bMOH |
||
| 100 |
_aMohanty, Gopinath _930649 |
||
| 245 |
_aThe bed of arrows and other stories / _cby Gopinath Mohanty;translated by Sitakant Mahapatra |
||
| 260 |
_aNew Delhi _bSahitya Akademi _c1995 |
||
| 270 |
_aRabindra Bhavan,35,Ferozeshah Road _bNew Delhi _e110001 |
||
| 300 |
_ax,173p. _c21cm(Hb) |
||
| 650 |
_aMahapatra, Sitakant, 1937- _930650 |
||
| 650 |
_aMahanty, Gopinath, -- 1914-1991 -- Translations into English. _930651 |
||
| 700 |
_aMahapatra, Sitakant _930642 |
||
| 942 |
_2ddc _cEN _hS _mMOH |
||
| 999 |
_c131041 _d131041 |
||